Pays à partir d'un seul indice - Statistiques

Statistiques générales
  • Ce quiz a été pris 156 fois
  • Le résultat moyen est 20 sur 30
Statistiques - réponses
Indice Réponse % Correct
Pays qui a déjà utilisé l'arme nucléaire sur un autre pays. États-Unis
96%
Pays qui possède le plus grand nombre de fuseaux horaires (13). France
91%
Dernier pays à posséder un empereur. Japon
91%
Pays qui possède le lac d'eau douce le plus profond au monde. Russie
88%
Pays qui possède officiellement 3 capitales. Afrique du Sud
87%
Seul pays au monde à ne pas reconnaître la République de Chypre. Turquie
87%
Pays qui possède des portions d’autoroutes sans limitation de vitesse. Allemagne
86%
Pays qui possède les couleurs du drapeau allemand, mais à la verticale. Belgique
86%
Pays qui possède le plus long réseau ferroviaire à grande vitesse. Chine
84%
Pays ayant créé le Commonwealth. Royaume-Uni
84%
Pays où se situait l'Empire aztèque. Mexique
79%
Pays en conflit avec le Royaume-Uni dans la guerre des Malouines. Argentine
78%
Pays qui possède une frontière avec la Gambie. Sénégal
78%
Pays d'Europe à posséder 2 territoires autonomes en Afrique. Espagne
74%
Pays dont le plat national est le Pho. Viêt Nam
73%
Pays non européen qui a remporté 2 fois la Coupe du Monde de foot masculin. Uruguay
70%
Pays qui possède la plus haute capitale, à environ 3640m. Bolivie
66%
Pays connu sous le nom Ceylan jusqu'en 1972. Sri Lanka
64%
Seul pays qui possède une capitale en E. Arménie
61%
Pays qui a obtenu son indépendance du Pakistan en 1971. Bangladesh
60%
Pays du footballeur Samuel Eto'o. Cameroun
57%
Pays qui possède les plus grandes réserves de pétrole. Venezuela
57%
Pays qui compte le plus de millionnaires par habitant. Suisse
54%
Pays d'Europe qui possède une bande orange sur son drapeau. Irlande
53%
Seule monarchie absolue d'Europe. Vatican
49%
Pays surnommé "pays du soleil de minuit". Norvège
45%
Pays qui paye en Forint. Hongrie
39%
Pays qui doit son nom à un roi espagnol. Philippines
39%
Pays situé sur la côte est de la mer Morte. Jordanie
32%
Pays à l'exacte opposé d'Hawaï sur le globe. Botswana
4%
Aucun quiz correspondant
Distribution des résultats
% des personnes avec chaque résultat
Percentile par nombre de réponses
Votre historique - résultats
Vous n’avez pas pris ce quiz